[Event "Osijek op 12th"]
[Site "Osijek"]
[Date "2019.02.21"]
[Round "2.13"]
[White "Vucenovic, Damian"]
[Black "Cubelic, Milan"]
[Result "1-0"]
[WhiteElo "1842"]
[BlackElo "2092"]
[PlyCount "91"]
[EventDate "2019.02.21"]
[EventType "swiss"]
[EventRounds "7"]
[EventCountry "CRO"]
[SourceTitle "EXT 2023"]
[Source "ChessBase"]
[SourceDate "2022.10.05"]
[SourceVersion "1"]
[SourceVersionDate "2022.10.05"]
[SourceQuality "1"]

1. e4 c6 2. d4 d5 3. exd5 cxd5 4. Bd3 g6 5. Bf4 Nc6 6. c3 Nf6 7. Nd2 Bg7 8. h3 a6 9. Ngf3 Bd7 10. a4 0-0 11. 0-0 h6 12. Ne5 Nxe5 13. Bxe5 Ne8 14. Re1 Bxe5 15. dxe5 Ng7 16. Qb3 Bc6 17. e6 f5 18. Nf3 Rf6 19. Nd4 Qd6 20. Qb4 Qd8 21. Rad1 Qe8 22. a5 Kf8 23. c4 dxc4 24. Bxc4 Qc8 25. Nb3 Ne8 26. Rc1 Nd6 27. Bd5 Rb8 28. Qd2 Qe8 29. Bxc6 bxc6 30. Rxc6 Rc8 31. Qxh6+ Kg8 32. Nd4 Rb8 33. Nf3 g5 34. Qxg5+ Rg6 35. Qd2 Rg7 36. Kh2 Qg6 37. Nh4 Qh5 38. g3 Rf8 39. Qf4 Rb8 40. b4 Kh7 41. Rc7 Rb5 42. Rc5 Rb8 43. Nxf5 Nxf5 44. Rxf5 Qg6 45. Qh4+ Kg8 46. Rh5 1-0

[Event "CRO-chT2 East"]
[Site "Osijek"]
[Date "2013.05.11"]
[Round "5.46"]
[White "Jusup, Matej"]
[Black "Cubelic, Milan"]
[Result "1-0"]
[WhiteElo "2167"]
[BlackElo "2110"]
[PlyCount "65"]
[EventDate "2013.04.20"]
[EventType "team-tourn"]
[EventRounds "11"]
[EventCountry "CRO"]
[SourceTitle "EXT 2023"]
[Source "ChessBase"]
[SourceDate "2022.10.05"]
[SourceVersion "1"]
[SourceVersionDate "2022.10.05"]
[SourceQuality "1"]

1. d4 d5 2. c4 e6 3. Nf3 c6 4. Nc3 Nf6 5. Bg5 Nbd7 6. e3 Qa5 7. Nd2 Bb4 8. Qc2 Ne4 9. Ndxe4 dxe4 10. Bh4 f5 11. Be2 0-0 12. 0-0 Bxc3 13. bxc3 Nf6 14. Bg3 Bd7 15. a4 Qd8 16. Rfb1 b6 17. a5 Rc8 18. axb6 axb6 19. Qb3 b5 20. cxb5 cxb5 21. Bxb5 Nd5 22. Bxd7 Qxd7 23. c4 f4 24. exf4 Nxf4 25. Qe3 g5 26. Bxf4 gxf4 27. Qxe4 Rf7 28. Ra8 Kg7 29. Rxc8 Qxc8 30. c5 Qa6 31. h4 Qa2 32. Qe5+ Kg8 33. Qg5+ 1-0

[Event "CRO-chT2 Ost"]
[Site "Osijek"]
[Date "2012.05.06"]
[Round "6.43"]
[White "Cubelic, Milan"]
[Black "Tomerlin, Sinisa"]
[Result "0-1"]
[WhiteElo "2146"]
[BlackElo "2269"]
[PlyCount "127"]
[EventDate "2012.04.21"]
[EventType "team-tourn"]
[EventRounds "11"]
[EventCountry "CRO"]
[SourceTitle "EXT 2014"]
[Source "ChessBase"]
[SourceDate "2013.11.20"]
[SourceVersion "1"]
[SourceVersionDate "2013.11.20"]
[SourceQuality "1"]

1. e4 c5 2. Nc3 Nc6 3. g3 g6 4. Bg2 Bg7 5. Nge2 d6 6. d3 e6 7. Be3 Nd4 8. Qd2 Qa5 9. Bxd4 cxd4 10. Nb1 Qb6 11. c3 dxc3 12. Nbxc3 Bd7 13. 0-0 h5 14. d4 h4 15. a4 a5 16. Rfd1 Ne7 17. Rac1 hxg3 18. hxg3 Bh6 19. f4 g5 20. fxg5 Bg7 21. Bf3 Ng6 22. Kg2 Ke7 23. Rh1 Qb4 24. Rxh8 Bxh8 25. Ra1 Rc8 26. Bh5 Rg8 27. Rf1 Bxa4 28. Bxg6 fxg6 29. Qf4 Be8 30. d5 Be5 31. Qg4 Bd7 32. Qf3 Re8 33. Qf7+ Kd8 34. Qxg6 Qxb2 35. dxe6 Rxe6 36. Qg8+ Re8 37. Rb1 Qxe2+ 38. Nxe2 Rxg8 39. Rxb7 Rxg5 40. Ra7 a4 41. Kf3 Bg4+ 42. Ke3 Bxe2 43. Kxe2 Rxg3 44. Ra5 Ke7 45. Ra8 Kf6 46. Rf8+ Kg5 47. Rf7 Kg4 48. Rf8 Bf4 49. Rg8+ Kh3 50. Rf8 Be5 51. Kf2 Bd4+ 52. Ke2 Re3+ 53. Kd2 Rxe4 54. Kd3 Rg4 55. Rf7 Bc5 56. Kc3 Kh4 57. Rf8 Kg5 58. Rf7 Rf4 59. Re7 Kf6 60. Re8 Kf7 61. Ra8 Ke6 62. Ra5 Rh4 63. Kd3 Rh3+ 64. Ke2 0-1

[Event "CRO-chT2 East"]
[Site "Osijek"]
[Date "2010.04.24"]
[Round "4.54"]
[White "Dabic, Stanko"]
[Black "Cubelic, Milan"]
[Result "0-1"]
[WhiteElo "2209"]
[BlackElo "2125"]
[PlyCount "86"]
[EventDate "2010.04.17"]
[EventType "team-tourn"]
[EventRounds "11"]
[EventCountry "CRO"]
[SourceTitle "EXT 2012"]
[Source "ChessBase"]
[SourceDate "2011.11.24"]
[SourceVersion "1"]
[SourceVersionDate "2011.11.24"]
[SourceQuality "1"]

1. e4 c6 2. d4 d5 3. Nc3 dxe4 4. Nxe4 Nf6 5. Nxf6+ exf6 6. c3 Bd6 7. Bd3 Be6 8. Qc2 h6 9. Ne2 Qc7 10. Ng3 Nd7 11. 0-0 c5 12. Be3 cxd4 13. Bxd4 0-0 14. Rfe1 Rfe8 15. Kh1 Ne5 16. Be4 Nc6 17. Be3 Bxg3 18. hxg3 Rac8 19. Bf4 Qb6 20. b3 a6 21. Rad1 g5 22. Be3 Qc7 23. c4 Kg7 24. Bc1 Bg4 25. f3 Bh5 26. Qf2 Bg6 27. Bd5 Rxe1+ 28. Rxe1 Ne7 29. Be4 Bxe4 30. Rxe4 Nf5 31. f4 g4 32. Re1 h5 33. Rd1 Rd8 34. Rxd8 Qxd8 35. Qc2 Nxg3+ 36. Kh2 h4 37. Bb2 Qd6 38. Bc1 Qd4 39. c5 Ne4 40. Bb2 Qe3 41. Bc1 Qg3+ 42. Kg1 Qe1+ 43. Kh2 Ng3 0-1

[Event "Bizovac Metalis op 15th"]
[Site "Bizovac"]
[Date "2008.02.21"]
[Round "2"]
[White "Sertic, Rudolf"]
[Black "Cubelic, Milan"]
[Result "1-0"]
[WhiteElo "2355"]
[BlackElo "2102"]
[PlyCount "118"]
[EventDate "2008.02.21"]
[EventType "swiss"]
[EventRounds "7"]
[EventCountry "CRO"]
[SourceTitle "CBM 122 Extra"]
[Source "ChessBase"]
[SourceDate "2008.03.04"]
[SourceVersion "1"]
[SourceVersionDate "2008.03.04"]
[SourceQuality "1"]

1. c4 e5 2. Nc3 Nc6 3. g3 g6 4. Bg2 Bg7 5. e3 Nge7 6. Nge2 0-0 7. 0-0 d6 8. a3 Be6 9. Nd5 Rc8 10. Nec3 Qd7 11. Qa4 Rfe8 12. b4 a6 13. b5 axb5 14. Qxb5 b6 15. Ne4 Bxd5 16. cxd5 Nb8 17. Qc4 Qd8 18. Nc3 c5 19. dxc6 Nbxc6 20. Qb5 Na5 21. Rb1 Nc4 22. Na4 d5 23. d3 Nd6 24. Qxb6 Qd7 25. Nc5 Qc7 26. Qxc7 Rxc7 27. Na6 Rc3 28. Rd1 e4 29. Bf1 Ra8 30. Nb4 Ndf5 31. dxe4 dxe4 32. Bb5 Rc5 33. a4 Bc3 34. Bd2 Bf6 35. Na6 Rc2 36. Bb4 Rac8 37. Be1 Nc6 38. Nb4 Nxb4 39. Bxb4 Ra2 40. Rd2 Rxd2 41. Bxd2 Ne7 42. Rc1 Rd8 43. Ba5 Rb8 44. Rc4 Nf5 45. Bb4 Rd8 46. Rxe4 Rd1+ 47. Kg2 Kg7 48. Re8 h5 49. a5 Rb1 50. Bf8+ Kh7 51. Bc4 Ra1 52. a6 Ra4 53. Bf1 Ra5 54. Bb4 Ra4 55. Bc5 Ng7 56. Rc8 Ne6 57. Bb6 Rb4 58. Rb8 Be5 59. a7 Bxb8 1-0